Capitales sans les lettres de "Rabat" - Statistiques

Statistiques générales
  • Ce quiz a été pris 7 fois
  • Le résultat moyen est 4 sur 18
Statistiques - réponses
Continents Capitales % Correct
Amérique du Nord Mexico
83%
Europe Oslo
67%
Europe Helsinki
50%
Europe Kiev
50%
Asie Pékin
33%
Europe Vienne
33%
Europe Minsk
17%
Europe Moscou
17%
Asie New Delhi
17%
Asie Séoul
17%
Europe Skopje
17%
Europe Vilnius
17%
Asie Dili
0%
Afrique Lilongwe
0%
Afrique Lomé
0%
Asie Nicosie
0%
Asie Phnom Penh
0%
Afrique Windhoek
0%
Aucun quiz correspondant
Distribution des résultats
% des personnes avec chaque résultat
Percentile par nombre de réponses
Votre historique - résultats
Vous n’avez pas pris ce quiz